Malini: poema dramático
Furkejuvvon:
| Váldodahkki: | |
|---|---|
| Materiálatiipa: | Girji |
| Giella: | espánnjágiella |
| Almmustuhtton: |
Madrid
Angel Alcoy
1918
|
| Fáttát: | |
| Fáddágilkorat: |
Lasit fáddágilkoriid
Eai fáddágilkorat, Lasit vuosttaš fáddágilkora!
|
MARC
| LEADER | 00000nam a2200000 a 4500 | ||
|---|---|---|---|
| 001 | UCZ1445 | ||
| 003 | CL-VaPUC | ||
| 008 | 950824e19180000SP |||||||||||||||||spa|d | ||
| 082 | 0 | 4 | |a 891.402 |b TAG |2 21 |
| 100 | |a Tagore, Rabindranath, |d 1861-1941 |e autor |9 339509 | ||
| 245 | 1 | 0 | |a Malini: poema dramático |
| 300 | |a 66 p | ||
| 942 | |c BK | ||
| 945 | |d 19950824 00:00:00 |a rbrito | ||
| 260 | |a Madrid |b Angel Alcoy |c 1918 | ||
| 650 | 7 | |a DRAMA HINDU |2 CL-VaPUC |9 318073 | |
| 650 | 7 | |a POESIA HINDU |2 CL-VaPUC |9 339510 | |
| 650 | 0 | |a Poesía española |9 264938 | |
| 583 | |a last modification |c 19950824 00:00:00 |k Rodrigo Vera | ||
| 999 | |c 238191 |d 238189 | ||
| 952 | |0 0 |1 0 |4 0 |6 891_402000000000000_TAG_1918 |7 0 |8 A |9 248218 |a BIBEDU |b BIBEDU |d 2019-11-18 |i 3106152 |o 891.402 TAG 1918 |p 3106152 |r 2019-11-18 |w 2019-11-18 |y BK |k LIT | ||